03113cam a22004334i 4500003000900000005001700009008004100026020001500067020001800082035002700100040010800127082001900235245015600254264006700410300004300477336002100520337002500541338002300566504004000589504003200629505171200661526001002373526001002383526001002393526001002403526000802413526000802421526000802429526000802437526000802445526000802453526000802461600003102469650004302500651004502543700002902588700003002617700003202647PE-LiUPU20250731172849.0140624s2014 inu rb 001 0 eng  a0268038422 a9780268038427 a(Sirsi) i9780268038427 aDLCbspaerdacDLCdYDXdBTCTAdOCLCFdYDXCPdCOOdZCUdCHVBKdTLEdBDXdLNTdRCTdEEMdOCLCQdPE-LiUPU00a277.308223bA500aAmerican Evangelicalism :bGeorge Marsden and the state of American religious history /cedited by Darren Dochuk, Thomas S. Kidd, and Kurt W. Peterson. 1aNotre Dame, Indiana :bUniversity of Notre Dame Press,c[2014] axvi, 518 páginas ;c24 centímetros atext2rdacontent aunmediated2rdamedia avolume2rdacarrier aBibliografía : páginas 490-499. aÍndice: páginas 507-5180 aForeword: George Marsden as scholar, Christian, and friend / Nathan Hatch, Mark Noll, Harry Stout, and Grant Wacker -- Jonathan Edwards and the study of his eighteenth-century world : George Marsden's contribution to Colonial American religious historiography / Douglas A. Sweeney -- Jonathan Edwards : a life / Thomas S. Kidd -- Jonathan Edwards and Francis Asbury / John Wigger -- The evangelical mind and the historians / Margaret Bendroth -- The evangelical mind and the new school Presbyterian experience / Peter J. Wallace -- The African American Great Awakening and modernity, 1866-1900 / Jay R. Case -- Marsden and modern fundamentalism / Barry Hankins -- Fundamentalism and American culture / William L. Svelmoe -- Reorienting American religious history in the age of global Christianity : the case of Katharine Bushnell / Kristin Kobes Du Mez -- A gilded age modernist : Reuben A. Torrey and the roots of contemporary conservative evangelicalism / Timothy E.W. Gloege -- The interdenominational evangelicalism of D.L. Moody and the problem of fundamentalism / Michael S. Hamilton -- Marsden and secularization / John Schmalzbauer -- The soul of the American university / Steven M. Nolt -- More than a footnote? : evangelical ministries and the secular university / John G. Turner -- The Southernization of the evangelical mind / Rick Ostrander -- Marsden and fundamentalist resurgence / Garth M. Rosell -- Reforming fundamentalism / Darren Dochuk -- Missionary realities and the new evangelicalism in post-World War II America / Kathryn T. Long -- The evangelical left and the politicization of evangelicalism / David R. Swartz -- Conclusion: How an evangelical won the Bancroft Prize / Mark Noll. aSEG42 aSEG41 aSEG40 aSEG39 aP94 aP87 aP86 aP85 aP77 aP76 aP3510aMarsden, George M.,d1939-14aEvangelismozEstados UnidosxHistoria. 4aEstados UnidosxHistoria eclesiástica.1 aDochuk, Darren,eeditor.1 aKidd, Thomas S.,eeditor.1 aPeterson, Kurt W.,eeditor.